000 00437nam a2200169Ia 4500
003 0STCL
008 150530s9999 xx 000 0 und d
040 _aSTCL
_cSTCL
100 _aGadadhar Misra
245 _aProceedings Mathematical Science Vol.116 Aug.2006
260 _bIndian Academy of Science; Bangalore
_c2006
_aBangalore
300 _a0
546 _aEnglish
942 _2ddc
_cBK
999 _c20624
_d20624
005 20220125165905.0